| 000 | 00414nam a22001697a 4500 | ||
|---|---|---|---|
| 003 | NUST - PNEC | ||
| 005 | 20170116181102.0 | ||
| 008 | 151003b xxu||||| |||| 00| 0 eng d | ||
| 020 | _a0830669000 | ||
| 020 | _a0830659005 | ||
| 040 | _cLIBRARY | ||
| 082 | _a694.0202 PRA | ||
| 245 | _aPractical home construction/carpentry handbook. | ||
| 260 | _cc.1977 | ||
| 650 |
_912446 _aCarpentry _xME |
||
| 942 |
_2ddc _cBK |
||
| 999 |
_c68809 _d68809 |
||